Flora of Saudi Arabia / (رقم التسجيلة. 31777)
[ عرض عادي ]
| 000 -الفاتح | |
|---|---|
| حقل البيانات ثابتة الطول | 01113nam a2200289 a 4500 |
| 001 - رقم الضبط | |
| رقم الضبط | 3947832 |
| 003 - محدد رقم الضبط | |
| رقم الضبط | OSt |
| 005 - وقت وتاريخ اخر تعامل مع التسجيلة | |
| رقم الضبط | 20150408114148.0 |
| 008 - عناصر البيانات ثابتة الطول - معلومات عامة | |
| حقل البيانات ثابتة الطول | 930325m19881989su a 001 0 eng |
| 010 ## - رقم ضبط مكتبة الكونجرس | |
| رقم ضبط مكتبة الكونجرس | 93130920 |
| 020 ## - الرقم الدولى المعيارى للكتب | |
| الرقم الدولى المعيارى للكتاب | 9960052177 |
| 040 ## - مصدر الفهرسة | |
| وكالة الفهرسة الأصلية | DLC |
| وكالة النسخ | DLC |
| 043 ## - رمز المنطقة الجغرافية | |
| رمز المنطقة الجغرافية | a-su--- |
| 050 00 - رقم طلب مكتبة الكونجرس | |
| رقم التصنيف | QK353 |
| رقم المادة | .M53 1988 |
| 082 00 - رقم تصنيف ديوى العشرى | |
| رقم التصنيف | 581.9538 |
| رقم الطبعة | 22 |
| رقم المادة | MAF |
| 100 1# - المدخل الرئيسى - إسم شخصى | |
| الإسم الشخصى | Migahid, Ahmed Mohammed. |
| 9 (RLIN) | 39127 |
| 245 10 - بيان العنوان | |
| العنوان | Flora of Saudi Arabia / |
| بيان المسئوليه,etc | Ahmad Mohammad Migahid. |
| 250 ## - بيان الطبعة | |
| بيان الطبعة | 3rd ed., rev. and illustrated. |
| 260 ## - PUBLICATION, DISTRIBUTION, ETC. (IMPRINT) | |
| مكان الناشر او الموزع | Riyadh, Saudi Arabia : |
| اسم الناشر او الموزع | University Libraries, King Saud University, |
| تاريخ النشر أو التوزيع | 1988-1989. |
| 300 ## - الوصف المادى | |
| التعداد | 3 v. : |
| تفاصيل ماديه اخرى للوعاء | ill. (some col.) ; |
| أبعاد الوعاء | 29 cm. |
| 500 ## - تبصرة عامة | |
| تبصرة عامة | Includes indexes. |
| 505 0# - تبصرة محتويات-الفهرس | |
| تبصرة المحتويات المصاغة | v. 1. Cryptogams and dicotyledons, Equisetaceae to Neuradaceae -- v. 2. Dicotyledons, Leguminosae to Compositae -- v. 3. Monocotyledons, Hydrocharitaceae to Orchidaceae. |
| 650 #0 - المدخل الاضافى بالموضوع-مصطلح موضوعى | |
| مصطلح موضوعي أو اسم جغرافي كعنصر مدخل | Botany |
| التقسيم الفرعي الجغرافي | Saudi Arabia. |
| 9 (RLIN) | 39128 |
| 906 ## - عنصر بيانات محلى F, LDF (RLIN) | |
| a | 7 |
| b | cbc |
| c | orignew |
| d | 3 |
| e | ncip |
| f | 19 |
| g | y-gencatlg |
| 942 ## - عناصر المدخل الإضافي( كوها) | |
| مصدر التصنيف او مخطط الترفيف | Dewey Decimal Classification |
| Koha [default] item type | كتاب |
| حالة الفقد | نموذج السعر الفعال | حالة تلف | ليس للاعارة | رقم الطلب | تاريخ الاكتساب | الموقع الحالي | الباركود | الفرع الرئيسي | Date last seen | نوع المادة فى نظام كوها | مصدر التصنيف او خطة الترفيف | Total Checkouts |
|---|---|---|---|---|---|---|---|---|---|---|---|---|
| 2013-11-03 | 581.9538 MAF | 2013-11-03 | المكتبة المركزية بالمجمعة (CL) | 00404102 | المكتبة المركزية بالمجمعة (CL) | 2013-11-03 | كتاب | Dewey Decimal Classification | ||||
| 2013-11-03 | 581.9538 MAF | 2013-11-03 | المكتبة المركزية بالمجمعة (CL) | 00404103 | المكتبة المركزية بالمجمعة (CL) | 2013-11-03 | كتاب | Dewey Decimal Classification | ||||
| 2013-11-03 | 581.9538 MAF | 2013-11-03 | المكتبة المركزية بالمجمعة (CL) | 00404104 | المكتبة المركزية بالمجمعة (CL) | 2013-11-03 | كتاب | Dewey Decimal Classification | ||||
| 2013-11-03 | 581.9538 MAF | 2013-11-03 | مكتبة مجمع الكليات بالزلفى - طلاب (SZM) | 00404105 | مكتبة مجمع الكليات بالزلفى - طلاب (SZM) | 2013-11-03 | كتاب | Dewey Decimal Classification | ||||
| 2013-11-03 | 581.9538 MAF | 2013-11-03 | مكتبة مجمع الكليات بالزلفى - طلاب (SZM) | 00404106 | مكتبة مجمع الكليات بالزلفى - طلاب (SZM) | 2013-11-03 | كتاب | Dewey Decimal Classification |
